00908nas a2200229Ia 4500001001100000003000900011008004100020040001300061040001300074041001300087100004300100210001900143222001900162245012800181250001100309260005100320501008600371300001900457362003300476500013000509650003900639R452/B7710IT-RoPAU151124c99999999xx |||||||||||| ||und|| aIT-RoPAU cIT-RoPAU aITALIANO aCavedo RomeogCodice Aut. SPICS: 36418 aVITA PASTORALE aVita Pastorale aVITA PASTORALE, ANNO 81-N.07 (LUGLIO 1993)bUn Rito Festoso Dalle Solide Radici-Nozze E Banchetti Nuziali Al Tempo di Gesu' a1a ed. aMILANObSOCIETA' S. PAOLO GRUPPO PERIOD.c1993 bPaulus - SPICS - Società San Paolo EM (non-commercial uses only)cCopyright2015 a3 p. [120-122] aANNO 081, N.07 (LUGLIO 1993) aPeriodo di Fidanzamento Ai Tempi di Gesù. Organizzazione del Banchetto Nuziale Presso le Famiglie più Influenti e Nobili. aPASTORALEvPUBBLICAZIONE PERIODICA